| 000 | 00463nam a2200157Ia 4500 | ||
|---|---|---|---|
| 005 | 20250521034118.0 | ||
| 008 | 240331s9999 xx 000 0 und d | ||
| 020 | _a9552025591 | ||
| 082 |
_bMAH _a302 |
||
| 100 | _aMahendra,S | ||
| 245 | 0 | _aThahanam nirmana saha sannivedana thahanchi | |
| 260 |
_aColombo _bS, Godage & Brothers _c2001 |
||
| 300 | _a77 p ., | ||
| 500 | _aA Collection of Illustrative Commentary on Design and Communication Techniques | ||
| 942 | _cL | ||
| 999 |
_c5058 _d5058 |
||